Name the Group 2 - Statistics

General Stats
  • This quiz has been taken 247 times
  • The average score is 11 of 20
Answer Stats
Hint Answer % Correct
Ringo Starr, George Harrison, Paul McCartney & John Lennon The Beatles
93%
Ronnie Wood, Keith Richards, Charlie Watts & Mick Jagger The Rolling Stones
84%
Agnetha Fältskog, Björn Ulvaeus, Benny Andersson & Anni-Frid "Frida" Lyngstad ABBA
80%
Michelle Williams, Beyoncé Knowles & Kelly Rowland Destiny's Child
80%
John McVie, Stevie Nicks, Lindsey Buckingham & Mick Fleetwood Fleetwood Mac
78%
Taylor Hanson, Zac Hanson & Isaac Hanson Hanson
74%
Joe Perry, Brad Whitford, Joey Kramer, Tom Hamilton & Steven Tyler Aerosmith
72%
Will Champion, Guy Berryman, Jonny Buckland & Chris Martin Coldplay
68%
Donnie Wahlberg, Danny Wood, Jordan Knight, Jonathan Knight & Joey McIntyre New kids on the block
58%
Carmit Bachar, Kimberly Wyatt, Ashley Roberts, Jessica Sutta, Melody Thornton & Nicole Scherzinger The Pussycat Dolls
53%
Ben Lovett, Ted Dwane, Winston Marshall & Marcus Mumford Mumford and Sons
51%
Nicola Roberts, Kimberley Walsh, Sarah Harding, Nadine Coyle & Cheryl Cole Girls Aloud
47%
Dave Rowntree, Alex James, Graham Coxon & Damon Albarn Blur
46%
Mark Owen, Jason Orange, Gary Barlow, Howard Donald & Gary Barlow Take That
44%
Kian Egan, Shane Filan, Mark Feehily, Bryan McFadden & Nicky Byrne Westlife
40%
Antony Costa, Duncan James, Lee Ryan & Simon Webbe Blue
36%
Harry Judd, Tom Fletcher, Danny Jones & Dougie Poynter McFly
36%
Shaznay Lewis, Melanie Blatt, Nicole Appleton & Natalie Appleton All Saints
28%
Vernie Bennett, Easther Bennett, Louise Redknapp & Kéllé Bryan Eternal
22%
Babydaddy, Del Marquis, Ana Matronic, Jake Shears & Randy Real Scissor Sisters
20%
No matching quizzes found
Score Distribution
Percent of People with Each Score
Percentile by Number Answered
Your Score History
You have not taken this quiz